| 000 | 01233nam0a22003131 4500 | ||
|---|---|---|---|
| 001 | rc\4779956 | ||
| 005 | 20260407114854.0 | ||
| 021 |
_aRU _b[64-60139] |
||
| 035 | _a(NLR Aleph) 009028427 | ||
| 090 |
_a9473304 _c9473304 |
||
| 100 | _a20130417d1964 |||y0rusy50 ca | ||
| 101 | 0 | _arus | |
| 102 | _aRU | ||
| 105 | _aa z ||||| | ||
| 200 | 1 |
_aПутеводитель по музею _fМ-во культуры РСФСР. Гос. ист. музей. Новодевичий монастырь |
|
| 205 | _a4-е изд., испр. и доп. | ||
| 210 |
_aМосква _cБ. и. _d1964 |
||
| 215 |
_a64 с. _cил. _d17 |
||
| 300 | _aНа обороте тит. л. сост.: Л.С. Ретковская | ||
| 606 |
_aМонастыри-музеи _yМосква _jПутеводители _2psbo |
||
| 606 |
_aИсторические музеи _yМосква _jПутеводители _2psbo |
||
| 702 | 1 |
_aРетковская _bЛ.С. _gЛидия Сергеевна _4220 |
|
| 710 | 0 | 2 |
_a"Новодевичий монастырь", музей _cМосква _3RU\NLR\AUTH\8810066941 _9635529 |
| 801 | 0 |
_aRU _bNLR _gpsbo |
|
| 801 | 1 |
_aRU _bELAR _2rusmarc |
|
| 852 |
_aNLR _j64-2/2265 |
||
| 942 | _cBOOK | ||
| 980 | _aNB | ||